Enforced security (Record no. 80269)
[ view plain ]
| 000 -LEADER | |
|---|---|
| fixed length control field | 01517cab a22002655a 4500 |
| 001 - CONTROL NUMBER | |
| control field | L143773 |
| 008 - FIXED-LENGTH DATA ELEMENTS--GENERAL INFORMATION | |
| fixed length control field | 080530e20080516xxk f v 000 0 eng d |
| 035 ## - SYSTEM CONTROL NUMBER | |
| System control number | (Sirsi) u143773 |
| 041 0# - LANGUAGE CODE | |
| Language code of text/sound track or separate title | eng |
| 100 1# - MAIN ENTRY--PERSONAL NAME | |
| Personal name | Allen, Tony |
| 245 00 - TITLE STATEMENT | |
| Title | Enforced security |
| 260 ## - PUBLICATION, DISTRIBUTION, ETC. | |
| Date of publication, distribution, etc. | 2008 |
| 490 #0 - SERIES STATEMENT | |
| Series statement | New Law Journal |
| Volume/sequential designation | 158 (7321) 16 May 2008, 688-689 (2) |
| 520 ## - SUMMARY, ETC. | |
| Summary, etc. | Notes the decision by the parties in Carleton v Strutt & Parker to waive rights to privilege over mediation proceedings. Examines this in light of the court's later decision in Cumbria Waste Management Ltd v Baines Wilson. The case turned on whether disclosure could be ordered by the court against the wishes of one of the parties to the mediation, where the conduct of the representatives of the other party was subject to a professional negligence claim. Considers the extent of the confidentiality provisions within mediation agreements and the operation of "without prejudice" privilege. |
| 590 ## - LOCAL NOTE (RLIN) | |
| Local note | KA |
| 650 24 - SUBJECT ADDED ENTRY--TOPICAL TERM | |
| Topical term or geographic name entry element | CUMBRIA WASTE MANAGEMENT LTD V BAINES WILSON LTD |
| 650 24 - SUBJECT ADDED ENTRY--TOPICAL TERM | |
| Topical term or geographic name entry element | CARLETON V STRUTT & PARKER (A PARTNERSHIP) |
| 650 24 - SUBJECT ADDED ENTRY--TOPICAL TERM | |
| Topical term or geographic name entry element | BROWN V RICE AND PATEL |
| 650 24 - SUBJECT ADDED ENTRY--TOPICAL TERM | |
| Topical term or geographic name entry element | SOCIETE INTERNATIONALE DE TELECOMMUNICATIONS AERONAUTIQUES SC V WYATT CO (UK) LTD |
| 650 24 - SUBJECT ADDED ENTRY--TOPICAL TERM | |
| Topical term or geographic name entry element | MULLER V LINSLEY & MORTIMER |
| 650 24 - SUBJECT ADDED ENTRY--TOPICAL TERM | |
| Topical term or geographic name entry element | RUSH AND TOMPKINS LTD V GREATER LONDON COUNCIL AND ANOTHER |
| 651 #4 - SUBJECT ADDED ENTRY--GEOGRAPHIC NAME | |
| Geographic name | England and Wales |
| Chronological subdivision | 1543- |
| 690 ## - LOCAL SUBJECT ADDED ENTRY--TOPICAL TERM (OCLC, RLIN) | |
| Topical term or geographic name as entry element | MANAGEMENT-DISPUTE AVOIDANCE, MANAGEMENT AND RESOLUTION-DISPUTE MANAGEMENT AND RESOLUTION-ARBITRATION |
| 942 ## - ADDED ENTRY ELEMENTS (KOHA) | |
| Suppress in OPAC | 0 |
| Withdrawn status | Lost status | Source of classification or shelving scheme | Damaged status | Not for loan | Home library | Current library | Shelving location | Date acquired | Total Checkouts | Full call number | Barcode | Date last seen | Copy number | Price effective from | Koha item type |
|---|---|---|---|---|---|---|---|---|---|---|---|---|---|---|---|
| Dewey Decimal Classification | London | London | Journal article | 30/05/2008 | L143773 | 143773-1001 | 06/08/2019 | 1 | 06/08/2019 | Journal article |